Movies Quiz

Random Movies or Clickable Quiz

Movies That Lost a Word Quiz Stats

 Plays Quiz Updated Jun 24, 2017

Support Sporcle.
Go Orange.
Score 0/40 Timer 06:00
0 Plays Today
% Correct
Die
91.6%
Old
89%
Ever
88.7%
Here
86.1%
Mona
85.4%
Grand
85.1%
Drama
83.5%
Secret
82.7%
Underdog
80.3%
Nights
78.6%
Which
78.6%
Over
77.9%
For
75.9%
Marigold
75.8%
The
75.4%
Still
75%
Came
74.8%
Golden
74.4%
Me
74.3%
Really
73.8%
% Correct
Child
72.5%
Silent
71.6%
Green
70.7%
Invisible
68.9%
So
67.3%
Hand
63.7%
Conquering
60.8%
Cheese
60.8%
Sweet
60.7%
Billy
58%
Smarter
57.9%
Jean
57.6%
Wonder
56.5%
Most
54.3%
Banzai
50.5%
Sex
49.5%
Circle
44.2%
Call
39.7%
Make
36.9%
Fabulous
35.6%

You're not logged in!

Compare scores with friends on all Sporcle quizzes.
OR
Log In
Forgot?

From the Vault

2000 in Every Category

by Doctor_Arzt

There are 15 Sporcle categories... so does that make this 30,000?
Remove Ads.
Support Sporcle.
Get the best of Sporcle when you Go Orange. This ad-free experience offers more features, more stats, and more fun while also helping to support Sporcle. Thank you for becoming a member.

Show Comments

Extras

Top Quizzes Today


Score Distribution

Your Account Isn't Verified!

In order to create a playlist on Sporcle, you need to verify the email address you used during registration. Go to your Sporcle Settings to finish the process.

Report this User

Report this user for behavior that violates our Community Guidelines.

Details: